What are things made of

Bibliographic Details
Format: Book
Published: London : Moonlight Publishing , 1990
Series:Moonlight first encyclopedia
Subjects:

MARC

LEADER 00000cam a2200000 7i4500
001 0000000461
002 000000543
005 20060119.0
020 |a 1851031278 
090 0 0 |a 030   |b MOO 
245 0 0 |a What are things made of   |c Laurence Ottenheiner-magnet [et...al] 
260 |a London :   |b Moonlight Publishing ,   |c 1990 
300 |a 77p. :   |b ill ;   |c 30cm. 
490 0 |a Moonlight first encyclopedia 
650 0 0 |a Curiosities and wonders   |x Juvenile literature 
999 |a 029090   |b BUKU   |c JUNIOR BOOKS   |e PERPUSTAKAAN KOMUNITI PETALING JAYA 
999 |a 029676   |b BUKU   |c JUNIOR BOOKS   |e PERPUSTAKAAN KOMUNITI PETALING JAYA 
999 |a 032785   |b BUKU   |c PINJAMAN   |e PERPUSTAKAAN KOMUNITI PETALING JAYA